00734nam a2200217Ia 450000100060000000800390000602000220004508200090006724500710007625000120014726000350015930000180019465300140021265300170022665300340024370000300027785600390030794200120034695201410035899900170049957345140117n2010 ii |||gr||||Z||||||465 a978-0-19-956608-2 a305. 0aLondon Labour And The London PoorcHenry MayhewhTextual Documents aIst ed. aDelhibOxford universityc2010 a472pg:c20cm. aSociology aG- Sociology aLondon Labour And London Poor aMayhew , Henry ,eAuthor. uEdited by Robert Douglas Fairhurst 2ddccBK 001040708General aSKBLbSKBLcG- Sociologyd2014-01-17f00000l0o305.569 Ma 453 Lop832/Engr2024-01-14 00:00:00t1w2014-01-17yBK c57258d57258